Overlapping Option Trivia VI Quiz Stats

 Plays Quiz Updated Jul 2, 2017

Support Sporcle.
Go Orange.
Score 0/20 Timer 04:00
1 Play Today
% Correct
Waves
95.9%
Kate Mosse
94.3%
Garlic
93.8%
Fox
89.2%
Sloth
86.4%
Usher
85.1%
Silence
84.9%
Kim Kardashian
84.9%
Tails
84.4%
Five
83.9%
% Correct
Whiskey
79.8%
Pig
73.1%
Kate Moss
71.3%
Murder
69.2%
Saki
69.1%
Seven
68%
Apple
67%
Nine
66.8%
Blur
63.2%
Whisky
61.6%

You're not logged in!

Compare scores with friends on all Sporcle quizzes.
OR
Log In
Forgot?

From the Vault

Sports Logos Close-Up II

by xxDUNE

This quiz gives you an idea of what it is like to be a rabid sports fan with really bad tunnel vision.
Remove Ads.
Support Sporcle.
Get the best of Sporcle when you Go Orange. This ad-free experience offers more features, more stats, and more fun while also helping to support Sporcle. Thank you for becoming a member.

Show Comments

Extras

Top Quizzes Today


Score Distribution

Your Account Isn't Verified!

In order to create a playlist on Sporcle, you need to verify the email address you used during registration. Go to your Sporcle Settings to finish the process.

Report this User

Report this user for behavior that violates our Community Guidelines.

Details: